000 00956nam a22002177a 4500
001 44526
003 BD-RjUL
005 20211209053856.0
008 160718s1998 bg a|||| |||| 00| 0 ben d
020 _a9840501909
035 _a(BD-RjUL)44644
040 _aBD-RjUL
_bben
_cBD-RjUL
041 _aben
082 _223
_a337
_bART 1998
245 _aঅর্থনৈতিক ব্যবস্থাপনা সংকট বাংলাদেশের উন্নয়ন পর্যালোচনা ১৯৯৭ /
260 _aঢাকা :
_bইউনিভার্সিটি প্রেস লিমিটেড,
_c১৯৯৮
300 _axx,২৮৩ পৃ .
_bচিএ ;
_c২০ সেমি.
650 _2বিশ্বায়ন
_vঅর্থনৈতিক দিক
_xঅর্থনৈতিক উন্নয়ন
_9136646
650 _2Globalization
_vEconomic aspects
_xEconomic development
_9136647
942 _2ddc
_cBK
999 _c44526
_d44526